[Event "British Championship"]
[Site "?"]
[Date "2009.08.03"]
[Round "7.33"]
[White "Green, Andrew"]
[Black "Smith, Graham M"]
[Result "1/2-1/2"]
[WhiteElo "2203"]
[BlackElo "2119"]
[PlyCount "60"]
[EventDate "2009.08.03"]

1. e4 c5 2. Nf3 e6 3. d3 Nc6 4. g3 g6 5. Bg5 Qc7 6. Bg2 Bg7 7. c3 e5 8. Na3 a6
9. O-O Nge7 10. Bxe7 Nxe7 11. d4 d6 12. b4 exd4 13. cxd4 b6 14. Rc1 Bb7 15. Re1
O-O 16. Qc2 Rfe8 17. bxc5 bxc5 18. dxc5 dxc5 19. h4 Nc8 20. Nc4 Nb6 21. Na5 Nd7
22. Nxb7 Qxb7 23. Ng5 Qb2 24. f4 Bd4+ 25. Kh2 Qxc2 26. Rxc2 Rab8 27. e5 Nb6 28.
Ne4 Red8 29. Nf6+ Kg7 30. Bf1 a5 1/2-1/2

[Event "British Championship"]
[Site "?"]
[Date "2009.08.03"]
[Round "7.34"]
[White "Mueller, Jan"]
[Black "Dines, Sheila"]
[Result "1-0"]
[WhiteElo "2149"]
[BlackElo "1936"]
[PlyCount "109"]
[EventDate "2009.08.03"]

1. e4 e5 2. d4 exd4 3. Qxd4 Nc6 4. Qe3 Nf6 5. Nc3 Bb4 6. Bd2 O-O 7. O-O-O Re8
8. Qg3 Nxe4 9. Nxe4 Rxe4 10. c3 Bf8 11. Bd3 Ra4 12. Nf3 d5 13. Ng5 g6 14. f4
Qf6 15. f5 Ne5 16. fxg6 Nxd3+ 17. Qxd3 Qxg6 18. Qxd5 h6 19. Qb3 b5 20. Nf3 Be6
21. Qc2 Rxa2 22. Qxg6+ fxg6 23. Nd4 Bd5 24. Kb1 c5 25. Nc6 Rc8 26. Bxh6 Bb3 27.
Bxf8 Rxc6 28. Rd6 Raa6 29. Rxc6 Rxc6 30. Rf1 c4 31. Kc1 Re6 32. Rf2 Re1+ 33.
Kd2 Rd1+ 34. Ke3 Rd3+ 35. Ke4 Ba2 36. Bc5 Bb1 37. Ke5 Rd7 38. Ke6 Rc7 39. Kd6
Rh7 40. Kc6 Rxh2 41. Kxb5 Be4 42. Bxa7 Rxg2 43. Kxc4 Rxf2 44. Bxf2 Kf7 45. Kc5
Ke7 46. Kb6 Kd6 47. c4 Bd3 48. c5+ Kd5 49. b3 Bf5 50. c6 Kd6 51. Bg3+ Ke7 52.
Kc7 Bd3 53. b4 Be2 54. Kb7 Bf3 55. b5 1-0

[Event "British Championship"]
[Site "?"]
[Date "2009.08.03"]
[Round "7.36"]
[White "Burrows, Martin"]
[Black "De Coverly, Roger"]
[Result "1-0"]
[WhiteElo "2209"]
[BlackElo "2127"]
[PlyCount "119"]
[EventDate "2009.08.03"]

1. e4 c5 2. Nf3 b6 3. d4 cxd4 4. Nxd4 Bb7 5. Nc3 a6 6. Bd3 e6 7. O-O Bc5 8. Nb3
Be7 9. Qg4 g6 10. Qe2 Nc6 11. Be3 d6 12. Rae1 Qc7 13. Kh1 h5 14. f4 Nf6 15. f5
Ne5 16. fxe6 fxe6 17. Nd4 Bc8 18. Nf3 Nfg4 19. Nxe5 Nxe5 20. Bd4 Rf8 21. Qe3
Ng4 22. Qg3 Rg8 23. Be2 Bd7 24. Bxg4 hxg4 25. Bf6 Bxf6 26. Rxf6 O-O-O 27. Qxg4
g5 28. Ref1 Qc5 29. Qe2 b5 30. a3 Rh8 31. g3 Qe5 32. Kg1 Rh7 33. Qe3 Rdh8 34.
Qb6 Qc5+ 35. Qxc5+ dxc5 36. Rf8+ Kc7 37. Rxh8 Rxh8 38. Rf7 b4 39. Na4 Kc6 40.
Rg7 bxa3 41. bxa3 g4 42. Nxc5 Kxc5 43. Rxd7 Rb8 44. Rg7 Rb1+ 45. Kf2 Rh1 46.
Kg2 Rc1 47. Rxg4 Rxc2+ 48. Kh3 Kd4 49. e5+ Kxe5 50. Ra4 Rc6 51. Kg4 Kf6 52. h4
e5 53. h5 Re6 54. Kf3 Kf5 55. Rh4 Rh6 56. Ke3 Kg5 57. Ke4 Kf6 58. a4 a5 59. Kd5
Kf5 60. Re4 1-0

[Event "British Championship"]
[Site "?"]
[Date "2009.08.03"]
[Round "7.37"]
[White "Garnett, John S"]
[Black "McDonnell, James J"]
[Result "1/2-1/2"]
[WhiteElo "2059"]
[BlackElo "2023"]
[PlyCount "76"]
[EventDate "2009.08.03"]

1. d4 d5 2. Nf3 Nf6 3. e3 Bf5 4. c4 c6 5. Nc3 e6 6. Nh4 Bg6 7. Nxg6 hxg6 8. Bd2
Be7 9. c5 Qc7 10. g3 e5 11. b4 Nbd7 12. b5 O-O 13. Be2 Rfe8 14. Qc2 Nh7 15. h4
Nhf8 16. g4 Ne6 17. dxe5 Nxe5 18. f4 Nd7 19. f5 Nef8 20. fxg6 Qg3+ 21. Kd1 Nxg6
22. Qf5 Ndf8 23. Rf1 Ne5 24. h5 g6 25. hxg6 fxg6 26. Qf4 Qxf4 27. exf4 Ned7 28.
f5 g5 29. bxc6 bxc6 30. Na4 Bf6 31. Rb1 Rab8 32. Rxb8 Rxb8 33. Kc2 Ne5 34. Rb1
Rxb1 35. Kxb1 Nfd7 36. Kc2 Kg7 37. Bc3 Be7 38. Bd4 Bf6 1/2-1/2

[Event "British Championship"]
[Site "?"]
[Date "2009.08.03"]
[Round "7.38"]
[White "Littlewood, John Eric"]
[Black "Taylor, Geoffrey P"]
[Result "1-0"]
[WhiteElo "2188"]
[BlackElo "2003"]
[PlyCount "75"]
[EventDate "2009.08.03"]

1. g3 e5 2. Bg2 d5 3. d3 c6 4. e3 Nf6 5. b3 Bd6 6. Ne2 Be6 7. Nd2 Nbd7 8. Bb2
h5 9. h3 Qe7 10. Nf3 Nh7 11. d4 e4 12. Ne5 g5 13. Qd2 Ndf8 14. O-O f6 15. f4
fxe5 16. dxe5 Bb4 17. c3 gxf4 18. Nxf4 Ba5 19. Nxh5 O-O-O 20. a4 Qg5 21. Nf4
Qxg3 22. Qf2 Qxf2+ 23. Kxf2 Ng5 24. Rh1 Bf5 25. h4 Nge6 26. Ne2 Nc5 27. Ba3
Nd3+ 28. Kf1 Nxe5 29. Be7 Rd7 30. Bf6 Nf7 31. Bxh8 Nxh8 32. b4 Bb6 33. Nd4 Bg4
34. Ra2 Bc7 35. Rf2 Bd6 36. h5 Nh7 37. Rh4 Rg7 38. Rxg4 1-0

[Event "British Championship"]
[Site "?"]
[Date "2009.08.04"]
[Round "8.1"]
[White "Williams, Simon Kim"]
[Black "Howell, David"]
[Result "1/2-1/2"]
[WhiteElo "2527"]
[BlackElo "2614"]
[PlyCount "86"]
[EventDate "2009.08.04"]

1. e4 e5 2. f4 exf4 3. Bc4 d6 4. d4 Qh4+ 5. Kf1 Nc6 6. Nc3 Bg4 7. Qd2 g5 8. g3
fxg3 9. Kg2 Qh5 10. hxg3 Qg6 11. Qxg5 Nxd4 12. Qxg6 fxg6 13. Bxg8 Rxg8 14. Nd5
O-O-O 15. Bg5 Re8 16. Rxh7 Rg7 17. Rh8 Rf7 18. Nf6 Re5 19. Bh6 Rxf6 20. Bxf8
Re8 21. Bg7 Rxh8 22. Bxh8 Nxc2 23. Bxf6 Nxa1 24. Nf3 Be6 25. a3 c5 26. Nh4 Bf7
27. Kf3 Kd7 28. Kf4 Nb3 29. Bc3 c4 30. Nf3 Nc5 31. Ke3 a6 32. Bd4 Ne6 33. Bf6
Be8 34. Ng5 Nc5 35. Kd4 b5 36. e5 Na4 37. Kd5 Nb6+ 38. Kd4 Na4 39. Kd5 dxe5 40.
Bxe5 a5 41. Bd4 Ke7 42. Nf3 Bf7+ 43. Kc6 Be8+ 1/2-1/2

[Event "British Championship"]
[Site "?"]
[Date "2009.08.04"]
[Round "8.2"]
[White "Palliser, Richard"]
[Black "Jones, Gawain C"]
[Result "1-0"]
[WhiteElo "2413"]
[BlackElo "2554"]
[PlyCount "147"]
[EventDate "2009.08.04"]

1. d4 Nf6 2. c4 g6 3. Nc3 Bg7 4. e4 d6 5. Nf3 O-O 6. Be2 e5 7. d5 a5 8. Bg5 h6
9. Bh4 Na6 10. Nd2 Qe8 11. O-O Nh7 12. a3 h5 13. f3 Bd7 14. Kh1 Bh6 15. b3 Be3
16. Qc2 Kg7 17. Rae1 Qb8 18. Bd3 Bc5 19. Ndb1 g5 20. Bf2 h4 21. Nd1 b5 22. Ne3
Kh8 23. cxb5 Bxb5 24. Bxb5 Qxb5 25. Nc3 Qb7 26. a4 Rg8 27. Nb5 Nf6 28. Nc4 Bb4
29. Rb1 Nd7 30. g3 hxg3 31. hxg3 f5 32. Kg2 f4 33. Rh1+ Kg7 34. gxf4 gxf4 35.
Rbg1 Kf7+ 36. Kf1 Nf6 37. Bh4 Nh5 38. Qh2 Bc5 39. Bf2 Rh8 40. Qxh5+ Rxh5 41.
Rxh5 Bxf2 42. Ncxd6+ cxd6 43. Nxd6+ Ke7 44. Nxb7 Bxg1 45. Kxg1 Nb4 46. Rxe5+
Kd7 47. Rg5 Kc7 48. Nc5 Kd6 49. Ne6 Nd3 50. Nd4 Kc5 51. Nc6 Kd6 52. Rg2 Nc1 53.
Nd4 Ke5 54. Nb5 Kf6 55. Rc2 Nd3 56. Rc6+ Kg5 57. d6 Ne5 58. Rc5 Kf6 59. Nd4
Rg8+ 60. Kf1 Rh8 61. Rd5 Rh1+ 62. Kg2 Rh7 63. Rxa5 Nd3 64. Rf5+ Kg6 65. Ne6
Ne1+ 66. Kf2 Nd3+ 67. Ke2 Nc1+ 68. Kd2 Nxb3+ 69. Kc2 Rb7 70. d7 Nd4+ 71. Nxd4
Rxd7 72. Kd3 Ra7 73. a5 Ra8 74. Kc4 1-0

[Event "British Championship"]
[Site "?"]
[Date "2009.08.04"]
[Round "8.3"]
[White "Conquest, Stuart"]
[Black "Gormally, Daniel"]
[Result "1/2-1/2"]
[WhiteElo "2572"]
[BlackElo "2490"]
[PlyCount "87"]
[EventDate "2009.08.04"]

1. e4 c5 2. Nf3 d6 3. d4 cxd4 4. Nxd4 Nf6 5. Nc3 a6 6. g3 e6 7. Bg2 Be7 8. O-O
O-O 9. g4 Nc6 10. Nxc6 bxc6 11. g5 Nd7 12. f4 Rb8 13. Rb1 d5 14. Kh1 Nb6 15. b3
f6 16. gxf6 Bxf6 17. Qd3 a5 18. Ba3 Rf7 19. Ne2 Ra8 20. Qd2 a4 21. Bb4 axb3 22.
axb3 Bd7 23. Rbd1 Be7 24. Bc3 c5 25. exd5 exd5 26. Ba5 Bc6 27. Bxb6 Qxb6 28.
Bxd5 Rd8 29. Nc3 Bf6 30. Qg2 Bxc3 31. Bxc6 Kf8 32. Bd5 Rfd7 33. Rd3 Bf6 34. c4
g6 35. Rg3 Rg7 36. Qf3 Re8 37. Bc6 Re6 38. Bd5 Re8 39. Rg2 Rge7 40. Qh3 Re1 41.
Rgg1 Rxf1 42. Rxf1 Qc7 43. f5 Kg7 44. Qf3 1/2-1/2

[Event "British Championship"]
[Site "?"]
[Date "2009.08.04"]
[Round "8.4"]
[White "Gordon, Stephen"]
[Black "Littlewood, Paul E"]
[Result "1/2-1/2"]
[WhiteElo "2537"]
[BlackElo "2358"]
[PlyCount "100"]
[EventDate "2009.08.04"]

1. d4 Nf6 2. c4 e6 3. Nc3 Bb4 4. Qc2 O-O 5. a3 Bxc3+ 6. Qxc3 d6 7. f3 Nc6 8. e3
e5 9. dxe5 dxe5 10. b4 Re8 11. Ne2 Qe7 12. Bb2 a5 13. b5 Nb8 14. Ng3 Nbd7 15.
Bd3 Nc5 16. Bc2 h5 17. O-O h4 18. Nh1 b6 19. Nf2 Bb7 20. Rae1 Rad8 21. Rd1 Rxd1
22. Rxd1 a4 23. Qe1 Qe6 24. Qe2 c6 25. Nh3 cxb5 26. cxb5 Nd5 27. e4 Nc7 28. Bc3
Bc8 29. Nf2 Bd7 30. Rb1 Qa2 31. Ra1 Bxb5 32. Rxa2 Bxe2 33. Ng4 f6 34. Be1 Bc4
35. Rb2 Nb5 36. Rb4 Nxa3 37. Bxa4 b5 38. Rxc4 Nxa4 39. Rc1 h3 40. Ne3 Nc4 41.
Nxc4 Rc8 42. Rb1 bxc4 43. Rb4 c3 44. Rxa4 c2 45. Bd2 c1=Q+ 46. Bxc1 Rxc1+ 47.
Kf2 Rc2+ 48. Kg3 hxg2 49. Ra1 Kf7 50. Rg1 Ke6 1/2-1/2

[Event "British Championship"]
[Site "?"]
[Date "2009.08.04"]
[Round "8.5"]
[White "Rendle, Thomas"]
[Black "Eggleston, David"]
[Result "1/2-1/2"]
[WhiteElo "2377"]
[BlackElo "2341"]
[PlyCount "27"]
[EventDate "2009.08.04"]

1. e4 c5 2. b3 Nc6 3. Bb2 d6 4. f4 Nf6 5. d3 g6 6. Nf3 Bg4 7. h3 Bxf3 8. Qxf3
Bg7 9. c3 e5 10. f5 d5 11. Nd2 d4 12. c4 Nb4 13. Kd1 Bh6 14. Be2 1/2-1/2

[Event "British Championship"]
[Site "?"]
[Date "2009.08.04"]
[Round "8.6"]
[White "Wells, Peter K"]
[Black "Cobb, James"]
[Result "1-0"]
[WhiteElo "2498"]
[BlackElo "2432"]
[PlyCount "63"]
[EventDate "2009.08.04"]

1. d4 d6 2. e4 g6 3. c4 Bg7 4. Nc3 Nf6 5. Nf3 O-O 6. Be2 Nbd7 7. O-O e5 8. Be3
Ng4 9. Bg5 f6 10. Bd2 Nh6 11. Qc2 c6 12. Rad1 Qe7 13. b4 exd4 14. Nxd4 Ne5 15.
f4 Neg4 16. f5 Ne5 17. Bf4 Nhf7 18. Na4 c5 19. bxc5 dxc5 20. Nf3 Bh6 21. Bxh6
Nxf3+ 22. Bxf3 Nxh6 23. fxg6 hxg6 24. e5 f5 25. Rfe1 Be6 26. Rd6 Nf7 27. Nxc5
Nxe5 28. Rxe6 Qxc5+ 29. Kh1 Nxf3 30. gxf3 Kh7 31. Qg2 Rg8 32. Qh3+ 1-0

[Event "British Championship"]
[Site "?"]
[Date "2009.08.04"]
[Round "8.7"]
[White "Lane, Gary W"]
[Black "Trent, Lawrence"]
[Result "0-1"]
[WhiteElo "2379"]
[BlackElo "2471"]
[PlyCount "78"]
[EventDate "2009.08.04"]

1. e4 e5 2. Nf3 Nc6 3. Bb5 a6 4. Ba4 Nf6 5. O-O b5 6. Bb3 Bc5 7. c3 d6 8. d3 h6
9. h3 O-O 10. a4 Rb8 11. axb5 axb5 12. Re1 Bb7 13. Nbd2 Bb6 14. Nf1 Ne7 15. Ng3
Ng6 16. d4 Re8 17. Bc2 Qd7 18. Be3 c5 19. d5 Bc8 20. c4 Nf4 21. cxb5 Nxg2 22.
Kxg2 Qxh3+ 23. Kg1 Ng4 24. Nf1 f5 25. exf5 e4 26. N3h2 Bxf5 27. Ra3 Qh4 28. Ra4
Re5 29. Qd2 Rf8 30. Ra6 Bd8 31. Bf4 e3 32. Nxe3 Bxc2 33. Nxc2 Rh5 34. f3 Rxf4
35. Re8+ Kh7 36. Qd3+ Rhf5 37. fxg4 Qf2+ 38. Kh1 Bf6 39. gxf5 Rh4 0-1

[Event "British Championship"]
[Site "?"]
[Date "2009.08.04"]
[Round "8.8"]
[White "Hebden, Mark"]
[Black "Buckley, Graeme"]
[Result "1-0"]
[WhiteElo "2468"]
[BlackElo "2398"]
[PlyCount "51"]
[EventDate "2009.08.04"]

1. d4 Nf6 2. Nf3 e6 3. e3 b6 4. Bd3 Bb7 5. O-O d5 6. b3 Bd6 7. Bb2 O-O 8. c4
Nbd7 9. Nc3 a6 10. Rc1 Qe7 11. Na4 dxc4 12. bxc4 c5 13. Ne5 Rad8 14. Qe2 cxd4
15. exd4 Ba3 16. c5 Bxb2 17. Qxb2 Nxe5 18. dxe5 Ng4 19. Be2 Nxh2 20. Rfd1 Rxd1+
21. Bxd1 Rd8 22. Be2 Bc6 23. cxb6 Bxa4 24. b7 Qf8 25. Qb6 Bd7 26. Rd1 1-0

[Event "British Championship"]
[Site "?"]
[Date "2009.08.04"]
[Round "8.9"]
[White "Varnam, Liam"]
[Black "Summerscale, Aaron"]
[Result "0-1"]
[WhiteElo "2167"]
[BlackElo "2454"]
[PlyCount "60"]
[EventDate "2009.08.04"]

1. e4 g6 2. d4 Bg7 3. f4 d6 4. Nf3 c5 5. d5 Nf6 6. Nc3 O-O 7. Be2 e6 8. O-O
exd5 9. exd5 Na6 10. Bd2 Nc7 11. Bc4 a6 12. a4 b6 13. Be1 Rb8 14. Bh4 b5 15.
axb5 axb5 16. Ba2 Qd7 17. Ng5 c4 18. Nge4 Nxe4 19. Nxe4 f5 20. Ng5 Bb7 21. Ne6
Nxe6 22. dxe6 Qxe6 23. Re1 Be4 24. c3 Ra8 25. Bf2 Ra4 26. b3 Ra3 27. bxc4 Rfa8
28. cxb5 Rxa2 29. Rxa2 Rxa2 30. Bd4 Rxg2+ 0-1

[Event "British Championship"]
[Site "?"]
[Date "2009.08.04"]
[Round "8.10"]
[White "Arkell, Keith C"]
[Black "Briscoe, Christopher"]
[Result "1-0"]
[WhiteElo "2521"]
[BlackElo "2268"]
[PlyCount "73"]
[EventDate "2009.08.04"]

1. d4 Nf6 2. Nf3 e6 3. c4 b6 4. Nc3 Bb4 5. Bd2 Bb7 6. a3 Bxc3 7. Bxc3 Ne4 8.
Qc2 d6 9. g3 Nd7 10. Bg2 Nxc3 11. Qxc3 O-O 12. O-O Qe7 13. Rfe1 c5 14. Rad1
Rac8 15. d5 e5 16. e4 Nf6 17. Nd2 Nh5 18. Bh3 Rb8 19. b4 Bc8 20. Bg2 Qc7 21.
Nb3 Bd7 22. Rb1 f5 23. exf5 Bxf5 24. Ra1 Qd7 25. bxc5 bxc5 26. Na5 Rf7 27. Nc6
Rbf8 28. Ra2 Bh3 29. Re3 Qg4 30. f3 Kh8 31. Rb2 Qf5 32. Nxe5 dxe5 33. Rxe5 Qg6
34. Bxh3 Nxg3 35. hxg3 Qxg3+ 36. Bg2 h6 37. Qe1 1-0

[Event "British Championship"]
[Site "?"]
[Date "2009.08.04"]
[Round "8.11"]
[White "Greet, Andrew"]
[Black "White, Michael"]
[Result "1-0"]
[WhiteElo "2443"]
[BlackElo "2259"]
[PlyCount "73"]
[EventDate "2009.08.04"]

1. e4 c5 2. Nf3 e6 3. d4 cxd4 4. Nxd4 Nf6 5. Nc3 Qb6 6. e5 Bc5 7. Be3 Nd5 8.
Nxd5 exd5 9. Nb5 Bxe3 10. Nd6+ Ke7 11. Nf5+ Kd8 12. Nxe3 Qxb2 13. Be2 Qc3+ 14.
Kf1 Nc6 15. Rb1 Qxe5 16. Rb5 Qd4 17. Qb1 Ne7 18. c4 dxc4 19. Bxc4 b6 20. Ke2
Bb7 21. Rd1 Qe4 22. Qb2 Rc8 23. Re5 Qf4 24. Bb5 Rc7 25. Rd4 Qxh2 26. Rxe7 Kxe7
27. Rh4 Qg1 28. Qxg7 Rc5 29. Rf4 Rf8 30. Nf5+ Ke6 31. Nd4+ Ke7 32. Qf6+ Ke8 33.
Qd6 Rxb5 34. Nxb5 Rg8 35. Qb8+ Ke7 36. Qxg8 Bd5 37. Qg5+ 1-0

[Event "British Championship"]
[Site "?"]
[Date "2009.08.04"]
[Round "8.12"]
[White "Houska, Jovanka"]
[Black "Zhou, Yang Fan"]
[Result "1/2-1/2"]
[WhiteElo "2392"]
[BlackElo "2265"]
[PlyCount "100"]
[EventDate "2009.08.04"]

1. d4 Nf6 2. Nf3 g6 3. c4 Bg7 4. g3 O-O 5. Bg2 d6 6. O-O Nbd7 7. Nc3 e5 8. e3
Re8 9. b3 c6 10. a4 exd4 11. exd4 Nf8 12. Be3 Bf5 13. d5 cxd5 14. cxd5 Ne4 15.
Nxe4 Bxe4 16. Bd4 Nd7 17. Bxg7 Kxg7 18. Rc1 Qa5 19. Rc4 Nf6 20. b4 Qa6 21. Rd4
Rac8 22. Qa1 Bxf3 23. Bxf3 Re5 24. Bd1 Kg8 25. h3 b6 26. Bb3 Qe2 27. Bd1 Qa6
28. Qb2 Rce8 29. Kg2 Nxd5 30. b5 Qa5 31. Bf3 Qc3 32. Qxc3 Nxc3 33. Rc1 Rc5 34.
Bc6 Re6 35. Ra1 Kf8 36. Ra3 Ke7 37. Rd3 Ne2 38. a5 Nc1 39. Rd1 Re2 40. axb6
axb6 41. Ra7+ Ke6 42. Bd7+ Ke5 43. Bg4 Rb2 44. Rxf7 Rcc2 45. Kg1 d5 46. f4+ Kd6
47. Rd7+ Kc5 48. Rc7+ Kd6 49. Rd7+ Kc5 50. Rc7+ Kd6 1/2-1/2

[Event "British Championship"]
[Site "?"]
[Date "2009.08.04"]
[Round "8.13"]
[White "Cumbers, Paul"]
[Black "Sowray, Peter J"]
[Result "1-0"]
[WhiteElo "2207"]
[BlackElo "2335"]
[PlyCount "81"]
[EventDate "2009.08.04"]

1. d4 Nf6 2. c4 e6 3. Nc3 Bb4 4. Qc2 Nc6 5. Nf3 d6 6. a3 Bxc3+ 7. Qxc3 Qe7 8.
b4 e5 9. dxe5 Nxe5 10. Nxe5 dxe5 11. Bb2 e4 12. e3 Be6 13. Be2 O-O-O 14. O-O h5
15. Qe5 Rd2 16. Rfe1 Rhd8 17. h3 h4 18. Bd4 Rc2 19. Qa5 a6 20. b5 axb5 21. cxb5
b6 22. Qa7 Rxd4 23. Qa8+ Kd7 24. exd4 Nd5 25. Rac1 Rxc1 26. Rxc1 Qg5 27. Qc6+
Ke7 28. Kh1 Qf4 29. Qc2 Qxf2 30. Qxe4 Nc3 31. Qf3 Qxf3 32. Bxf3 Nxb5 33. d5 Bd7
34. a4 Nd4 35. Rxc7 Kd6 36. Ra7 g5 37. Kg1 f5 38. Kf2 g4 39. hxg4 Nxf3 40.
Rxd7+ Kxd7 41. Kxf3 1-0

[Event "British Championship"]
[Site "?"]
[Date "2009.08.04"]
[Round "8.14"]
[White "Ynojosa, Felix Jose"]
[Black "Hawkins, Jonathan"]
[Result "0-1"]
[WhiteElo "2188"]
[BlackElo "2325"]
[PlyCount "106"]
[EventDate "2009.08.04"]

1. e4 e5 2. Bc4 Nf6 3. d3 Nc6 4. Nc3 Na5 5. Nge2 c6 6. a4 Nxc4 7. dxc4 Bc5 8.
Qd3 O-O 9. Be3 d6 10. Bxc5 dxc5 11. Qe3 Qe7 12. a5 Be6 13. b3 Ng4 14. Qg3 f5
15. exf5 Bxf5 16. h3 Nxf2 17. Kxf2 Bxc2+ 18. Kg1 Bxb3 19. Qg4 Qf7 20. Kh2 Bxc4
21. Rhf1 Qe6 22. Qxe6+ Bxe6 23. Rfb1 Rab8 24. Ng3 Bd5 25. Re1 Rbe8 26. Rad1 Bb3
27. Rd7 Rf7 28. Rxf7 Bxf7 29. Nge4 c4 30. Nd6 Rb8 31. Rxe5 b5 32. axb6 axb6 33.
Nf5 Kf8 34. Nd4 Rc8 35. Rf5 Ke7 36. Rf3 Bg6 37. Na4 b5 38. Re3+ Kd6 39. Re6+
Kd5 40. Nb6+ Kxd4 41. Nxc8 b4 42. Rxc6 c3 43. Na7 c2 44. Nb5+ Ke3 45. Kg3 Bd3
46. Re6+ Be4 47. Nd6 c1=Q 48. Nxe4 Qc7+ 49. Nd6+ Kd4 50. Kg4 Kd5 51. Nb5 Qc4+
52. Kf5 Qf1+ 53. Kg5 Kxe6 0-1

[Event "British Championship"]
[Site "?"]
[Date "2009.08.04"]
[Round "8.15"]
[White "Ross, Chris"]
[Black "Storey, Charles"]
[Result "0-1"]
[WhiteElo "2203"]
[BlackElo "2279"]
[PlyCount "120"]
[EventDate "2009.08.04"]

1. e4 c5 2. Nf3 g6 3. d4 cxd4 4. Nxd4 Bg7 5. Nc3 d6 6. Be3 Nf6 7. Qd2 Ng4 8.
Bg5 Qb6 9. Nb3 Be6 10. h3 Ne5 11. Nd5 Bxd5 12. exd5 Na6 13. Be3 Nc5 14. Be2
Ned7 15. Rb1 Qc7 16. Nxc5 Nxc5 17. Bb5+ Kf8 18. O-O a6 19. Be2 b5 20. c3 h5 21.
Rfe1 Bf6 22. Bf3 Kg7 23. Bd4 Rhe8 24. Bxh5 Nd7 25. Be2 Rab8 26. a3 a5 27. Rbc1
Nc5 28. Rcd1 Nb3 29. Bxf6+ exf6 30. Qc2 Nc5 31. Bf1 Rec8 32. Rd4 Nd7 33. Qd2
Ne5 34. Kh2 Rh8 35. f4 Ng4+ 36. Kg1 Nh6 37. Bd3 f5 38. Bf1 Ng8 39. Be2 Nf6 40.
Bf3 Nd7 41. Qe3 Nb6 42. Rd2 Rhd8 43. Qd4+ Kg8 44. Qf6 Nd7 45. Qg5 b4 46. axb4
axb4 47. cxb4 Qb6+ 48. Kh1 Qxb4 49. Rde2 Qd4 50. Rc1 Nf6 51. Rcc2 Kg7 52. Red2
Qa7 53. Qh4 Rb4 54. Qf2 Qxf2 55. Rxf2 Rxf4 56. Rfd2 Nd7 57. Rc7 Ne5 58. Be2 Rb8
59. Ra7 Rfb4 60. Ra6 Rxb2 0-1

[Event "British Championship"]
[Site "?"]
[Date "2009.08.04"]
[Round "8.16"]
[White "Raoof, Adam"]
[Black "Kolbus, Dietmar"]
[Result "1/2-1/2"]
[WhiteElo "2144"]
[BlackElo "2383"]
[PlyCount "261"]
[EventDate "2009.08.04"]

1. e4 c6 2. Nc3 d5 3. Nf3 g6 4. h3 Bg7 5. d4 dxe4 6. Nxe4 Nf6 7. Nxf6+ exf6 8.
Be2 O-O 9. O-O Be6 10. c4 Na6 11. b3 Qd7 12. Bb2 Rad8 13. Qd2 g5 14. Rad1 Nc7
15. d5 cxd5 16. Nxg5 h6 17. Nf3 dxc4 18. Qc1 Qc8 19. Bxc4 Rxd1 20. Rxd1 Rd8 21.
Bxe6 Rxd1+ 22. Qxd1 fxe6 23. Qd6 a6 24. h4 Nd5 25. Nd4 Kf7 26. Nf5 Bf8 27. h5
Qc7 28. Qxc7+ Nxc7 29. Ne3 Bg7 30. g4 Bf8 31. Kg2 Bc5 32. Bc1 Nb5 33. Nc4 Bf8
34. Bd2 Nd4 35. f3 b5 36. Nb2 Nc6 37. Nd3 e5 38. Nf2 Ke6 39. Nd3 f5 40. g5 hxg5
41. Bxg5 f4 42. Nf2 Kf5 43. Bh4 Nb4 44. a4 Nc6 45. axb5 axb5 46. Ne4 Nd4 47.
Nc3 b4 48. Nd5 Nxb3 49. Ne7+ Bxe7 50. Bxe7 Nd4 51. h6 Kg6 52. Bxb4 Kxh6 53. Bd6
Nc6 54. Kh3 Kg5 55. Bc7 Kf5 56. Kg2 Ke6 57. Kh3 Kf5 58. Kg2 Nd4 59. Kf2 Ke6 60.
Bb6 Kd5 61. Bd8 Ne6 62. Be7 Kd4 63. Bf6 Nc5 64. Ke2 Kd5 65. Be7 Nb3 66. Bf6 Kd4
67. Bg7 Nc1+ 68. Kd2 Nd3 69. Bf6 Nb2 70. Bg7 Nc4+ 71. Ke2 Ne3 72. Bf6 Nf5 73.
Kf2 Kd5 74. Bd8 Kd6 75. Bg5 Nd4 76. Bd8 Ne6 77. Bf6 Kd5 78. Ke2 Nd4+ 79. Kf2
Nc6 80. Ke2 Ke6 81. Bh8 Nd4+ 82. Kf2 Kf5 83. Kg2 Ne6 84. Kf2 Nf8 85. Ke2 Nd7
86. Kd3 Nc5+ 87. Ke2 Ne6 88. Kf2 Nf8 89. Ke2 Ng6 90. Bg7 Ke6 91. Kf2 Kf7 92.
Bh6 Ne7 93. Bg5 Nc6 94. Bh6 Nd4 95. Bg5 Ne6 96. Bh4 Kg6 97. Be7 Kf5 98. Bd6 Nd4
99. Bc7 Nb5 100. Bd8 e4 101. fxe4+ Kxe4 102. Bb6 Nc3 103. Ba7 Nd5 104. Bb8 f3
105. Ba7 Ne7 106. Bb6 Kf4 107. Bc7+ Kg4 108. Bb6 Nd5 109. Ba7 Nf4 110. Bb6 Nh3+
111. Kf1 Kf4 112. Ba7 Ke4 113. Bb6 Nf4 114. Ba7 Nd3 115. Bb6 Ne5 116. Ba7 Nc4
117. Bc5 Kf4 118. Ba7 Nd2+ 119. Kf2 Ne4+ 120. Kf1 Kg3 121. Bb8+ Kg4 122. Bc7
Nf6 123. Bb6 Nd5 124. Ba7 Kf4 125. Kf2 Nf6 126. Bb8+ Ke4 127. Ba7 Ng4+ 128. Kf1
Kd3 129. Bb6 f2 130. Bxf2 Nxf2 131. Kxf2 1/2-1/2

[Event "British Championship"]
[Site "?"]
[Date "2009.08.04"]
[Round "8.17"]
[White "Bonafont, Philip"]
[Black "Lalic, Susan"]
[Result "1/2-1/2"]
[WhiteElo "2124"]
[BlackElo "2334"]
[PlyCount "76"]
[EventDate "2009.08.04"]

1. d4 e6 2. Nf3 c5 3. c4 cxd4 4. Nxd4 Nf6 5. g3 Bb4+ 6. Bd2 Bc5 7. Nb3 Be7 8.
Bg2 O-O 9. O-O d6 10. Nc3 a6 11. e4 Nc6 12. Qe2 Rb8 13. Be3 b6 14. Rac1 Bb7 15.
Rfd1 Nd7 16. h3 Re8 17. Kh2 Bf8 18. a3 Qe7 19. Nd2 Rec8 20. f4 Ba8 21. b4 Nf6
22. Qd3 Qe8 23. Re1 Qd8 24. Bg1 Bb7 25. Rc2 Nd7 26. Qe3 Ba8 27. Rec1 Bb7 28.
Bf2 a5 29. b5 Ne7 30. Na4 Nc5 31. Nxc5 dxc5 32. Nf3 Qc7 33. Rd2 Rd8 34. Rcd1 g6
35. Rd3 Bg7 36. Qd2 Rxd3 37. Qxd3 Kf8 38. Be3 Ke8 1/2-1/2

[Event "British Championship"]
[Site "?"]
[Date "2009.08.04"]
[Round "8.18"]
[White "Rudd, Jack"]
[Black "Eden, Tomer"]
[Result "1-0"]
[WhiteElo "2326"]
[BlackElo "2157"]
[PlyCount "69"]
[EventDate "2009.08.04"]

1. c4 c6 2. Nf3 Nf6 3. d4 d5 4. Nc3 dxc4 5. a4 Bf5 6. Ne5 e6 7. f3 Bb4 8. e4
Bxe4 9. fxe4 Nxe4 10. Bd2 Qxd4 11. Nxe4 Qxe4+ 12. Qe2 Bxd2+ 13. Kxd2 Qd5+ 14.
Kc2 Na6 15. Rd1 Qa5 16. Nxc4 Qxa4+ 17. b3 Qa2+ 18. Kc3 Qxe2 19. Bxe2 O-O 20.
Nd6 Nc7 21. Nxb7 Nd5+ 22. Kb2 Ne3 23. Ra1 Rfb8 24. Na5 Rd8 25. Bf3 Rd2+ 26. Kc3
Rad8 27. Nxc6 R8d3+ 28. Kb4 Rb2 29. Rxa7 Rdxb3+ 30. Kc5 g6 31. Kd6 Nxg2 32.
Bxg2 Rxg2 33. Rf1 Rd2+ 34. Ke7 f5 35. Kf6 1-0

[Event "British Championship"]
[Site "?"]
[Date "2009.08.04"]
[Round "8.19"]
[White "Lewis, Andrew P"]
[Black "Griffiths, Ryan-Rhys"]
[Result "0-1"]
[WhiteElo "2281"]
[BlackElo "2137"]
[PlyCount "86"]
[EventDate "2009.08.04"]

1. c4 c5 2. Nf3 Nc6 3. d4 cxd4 4. Nxd4 Qb6 5. Nb3 e6 6. Nc3 Nf6 7. Bd2 Be7 8.
e4 O-O 9. Be2 Qc7 10. Rc1 b6 11. O-O Ba6 12. Be3 Rac8 13. a4 Ne5 14. Nd2 Qb7
15. b3 Ba3 16. Rc2 d6 17. f4 Nc6 18. Bf3 Qb8 19. Nb5 Bc5 20. Bxc5 bxc5 21. Nb1
Rfd8 22. Rd2 Ne8 23. N1c3 Bb7 24. Ne2 a6 25. Nbc3 Ba8 26. h4 Na5 27. Nc1 d5 28.
exd5 Qxf4 29. dxe6 Rxd2 30. exf7+ Kf8 31. fxe8=Q+ Rxe8 32. Bxa8 Rxd1 33. Nxd1
Qxf1+ 34. Kxf1 Rxa8 35. Nf2 Rb8 36. Ne4 Nxb3 37. Nxb3 Rxb3 38. Nxc5 Rb4 39.
Nxa6 Rxa4 40. Nc5 Rxc4 41. Ne6+ Kf7 42. Ng5+ Kg6 43. g3 Rg4 0-1

[Event "British Championship"]
[Site "?"]
[Date "2009.08.04"]
[Round "8.20"]
[White "Hanley, James L"]
[Black "Surtees, Michael"]
[Result "1-0"]
[WhiteElo "2277"]
[BlackElo "2149"]
[PlyCount "49"]
[EventDate "2009.08.04"]

1. e4 c6 2. d4 d5 3. Nc3 b5 4. a3 a6 5. Nf3 f6 6. Bd3 e6 7. O-O g5 8. exd5 cxd5
9. Re1 Ra7 10. h4 h6 11. Bf5 Kf7 12. Ne5+ fxe5 13. Qh5+ Ke7 14. Bxg5+ hxg5 15.
Qxh8 Nc6 16. Qxg8 exf5 17. Nxd5+ Ke8 18. Qg6+ Kd7 19. dxe5 Bb7 20. e6+ Kc8 21.
e7 Nxe7 22. Nxe7+ Bxe7 23. Rad1 Bd5 24. Qxf5+ Qd7 25. Rxd5 1-0